LEADER 03326nam 2200697 450 001 9910817781903321 005 20230803221147.0 010 $a1-5231-0057-5 010 $a3-11-030828-2 024 7 $a10.1515/9783110308280 035 $a(CKB)2550000001255036 035 $a(EBL)1575462 035 $a(SSID)ssj0001181636 035 $a(PQKBManifestationID)12522885 035 $a(PQKBTitleCode)TC0001181636 035 $a(PQKBWorkID)11146268 035 $a(PQKB)10016302 035 $a(MiAaPQ)EBC1575462 035 $a(DE-B1597)207280 035 $a(OCoLC)876344679 035 $a(OCoLC)900719096 035 $a(DE-B1597)9783110308280 035 $a(Au-PeEL)EBL1575462 035 $a(CaPaEBR)ebr10861296 035 $a(CaONFJC)MIL588219 035 $a(OCoLC)875819003 035 $a(EXLCZ)992550000001255036 100 $a20140502h20142014 uy 0 101 0 $aeng 135 $aurcnu|||||||| 181 $ctxt 182 $cc 183 $acr 200 10$aModern X-ray analysis on single crystals $ea practical guide /$fPeter Luger 205 $aSecond fully revised and extended edition. 210 1$aBerlin, Germany :$cDe Gruyter,$d2014. 210 4$dİ2014 215 $a1 online resource (348 p.) 300 $aDescription based upon print version of record. 311 $a3-11-030823-1 311 $a3-11-037061-1 320 $aIncludes bibliographical references and index. 327 $t Frontmatter -- $tPreface to the 1st edition -- $tPreface to the 2nd edition / $rLuger, Peter -- $tContents -- $t1. Introduction -- $t2. Fundamental results of diffraction theory, X-radiation -- $t3. Preliminary experiments -- $t4. Crystal symmetry -- $t5. Diffractometer measurements -- $t6. Computer programs -- $t7. Solution of the phase problem -- $t8. Refinements -- $t9. Structure analysis at non-routine conditions -- $t10. Concluding remarks and outlook -- $tAppendix: Mathematics -- $tBibliography -- $tIndex 330 $aAn excellent book for professional crystallographers! In 2012 the crystallographic community celebrated 100 years of X-ray diffraction in honour of the pioneering experiment in 1912 by Max von Laue, Friedrich and Knipping. Experimental developments e.g. brilliant X-ray sources, area detection, and developments in computer hardware and software have led to increasing applications in X-ray analysis. This completely revised edition is a guide for practical work in X-ray analysis. An introduction to basic crystallography moves quickly to a practical and experimental treatment of structure analysis. Emphasis is placed on understanding results and avoiding pitfalls. Essential reading for researchers from the student to the professional level interested in understanding the structure of molecules. 606 $aX-ray crystallography 610 $aAnalytical Chemistry. 610 $aCrystallography. 610 $aDiffraction. 610 $aSynchrotron Radiation. 610 $aX-Ray Analysis. 615 0$aX-ray crystallography. 676 $a548 686 $aUQ 5600$2rvk 700 $aLuger$b Peter$f1943-$01624068 801 0$bMiAaPQ 801 1$bMiAaPQ 801 2$bMiAaPQ 906 $aBOOK 912 $a9910817781903321 996 $aModern X-ray analysis on single crystals$93958836 997 $aUNINA LEADER 03454nam 2200673 450 001 9910807478603321 005 20231110214222.0 010 $a1-118-65430-7 010 $a1-118-65429-3 035 $a(CKB)2550000001184172 035 $a(EBL)1629163 035 $a(SSID)ssj0001084782 035 $a(PQKBManifestationID)11683014 035 $a(PQKBTitleCode)TC0001084782 035 $a(PQKBWorkID)11053657 035 $a(PQKB)11034028 035 $a(MiAaPQ)EBC1629163 035 $a(DLC) 2013033011 035 $a(Au-PeEL)EBL1629163 035 $a(CaPaEBR)ebr10828156 035 $a(CaONFJC)MIL563492 035 $a(OCoLC)855858318 035 $a(MiAaPQ)EBC7103924 035 $a(Au-PeEL)EBL7103924 035 $a(JP-MeL)3000111495 035 $a(EXLCZ)992550000001184172 100 $a20140128h20142014 uy 0 101 0 $aeng 135 $aur|n|---||||| 181 $ctxt 182 $cc 183 $acr 200 10$aSustainable concrete solutions /$fCostas Georgopoulos, Andrew Minson 210 1$aChichester, England ;$aOxford, England :$cWiley-Blackwell,$d2014. 210 4$d2014 215 $a1 online resource (226 p.) 225 1 $aNew York Academy of Sciences 300 $aDescription based upon print version of record. 311 $a1-119-96864-X 311 $a1-306-32241-3 320 $aIncludes bibliographical references at the end of each chapters and index. 327 $aMachine generated contents note: Preface Foreword Professor Jacqui Glass Chair in Architecture and Sustainable Construction, Loughborough University 1. Introduction 1.1 Sustainability and Sustainable Development 1.2 The Role of the Design Team in Sustainable Development 1.3 Sustainability Credentials of Concrete 1.4 Book Layout and Context 2. Challenges & Responses 2.1 Introduction 2.2 Climate Change 2.3 Environmental Protection 2.4 Social Progress 2.5 Economic Growth 2.6 Regulatory Responses 2.7 Summary 3. Conceptual Design of Buildings & Infrastructure 3.1 Introduction 3.2 Conceptual Design of Buildings 3.3 Conceptual Design of Infrastructure 3.4 Summary 4. Material Specification 4.1 Introduction 4.2 Assessing Environmental Impacts of Materials 4.3 Responsible Sourcing of Materials 4.4 Cements and Combinations 4.5 Aggregates 4.6 Water 4.7 Admixtures 4.8 Novel Constituents 4.9 Reinforcement 4.10 Special Concretes 4.11 Specification Examples 4.12 Summary 5. Construction, Operation and End of Life 5.1 Construction 5.2 Operation 5.3 End of Life 5.4 Summary Appendix A: Thermal Mass Appendix B: Biomass Product Appendix C: Choice of Concrete Slab Options Appendix D: Worked Example on Embodied CO2 for a Building Slab Index . 330 $a"The book will provide students with a thorough evaluation of the advantages and disadvantages of concrete a sustainable building material"--$cProvided by publisher. 410 0$aNew York Academy of Sciences 606 $aConcrete construction$xEnvironmental aspects 606 $aSustainable buildings 615 0$aConcrete construction$xEnvironmental aspects. 615 0$aSustainable buildings. 676 $a624.1/8340286 686 $aBUS072000$2bisacsh 700 $aGeorgopoulos$b Costas$01662941 701 $aMinson$b Andrew$01662942 801 0$bMiAaPQ 801 1$bMiAaPQ 801 2$bMiAaPQ 906 $aBOOK 912 $a9910807478603321 996 $aSustainable concrete solutions$94019911 997 $aUNINA